| 000 | 00846nam a2200205Ia 4500 | ||
|---|---|---|---|
| 001 | 22709 | ||
| 003 | GE_BSU | ||
| 008 | 181216s||||||||xx |||||||||||||| ||und|| | ||
| 040 | _cGE_BSU | ||
| 245 | _aსაპატრიარქოს უწყებანი 5-26 ივლისი №22(892) 2018. | ||
| 245 | _bქადაგება,წმიდა სინოდის სხდომის ოქმები. | ||
| 245 | _cრედ:დეკანოზი დავით შარაშენიძე და სხვა. | ||
| 260 | _aთბილისი | ||
| 260 | _c2018 | ||
| 300 | _a20გვ;29სმ. | ||
| 653 | _aპერიოდიკა | ||
| 653 | _aრელიგია | ||
| 653 | _aსაპატრიარქოს უწყებანი 5-26 ივლისი №22(892) 2018. | ||
| 942 | _cCR | ||
| 999 |
_c55614 _d55614 |
||